Shadowhunters Mortal Instruments - Statistics

General Stats
  • This quiz has been taken 180 times
  • The average score is 17 of 23
Answer Stats
Hint Answer % Correct
Main Protagonist Clary
99%
Love Interest Jace
99%
Lightwood Alexander
97%
Lightwood Isabelle
95%
High Warlock of Brooklyn Magnus Bane
95%
Clary's Best Friend Simon Lewis
94%
^ Last name Fairchild
93%
Werewolf Father Figure Luke
92%
Clary's Father Valentine
90%
Lightwood Max
89%
Clary's Mother Jocelyn
84%
Lightwood Maryse
81%
Lightwood Robert
81%
^Biological Last Name Herondale
78%
Mortal Instrument Mortal Cup
75%
Instrument Jace Plays Piano
71%
Clary's Brother Sebastian/Johnathan
71%
Mortal Instrument Lake Lyn
60%
Warlock Related to Jace Tessa Gray
40%
Robert's Clave Postition Inquisitor
39%
Clary Catches Her and Jace Aline
24%
Unintentional Heavenly Fire Target James Carstairs
18%
Mortal Instrument Maellartach
11%
No matching quizzes found
Score Distribution
Percent of People with Each Score
Percentile by Number Answered
Your Score History
You have not taken this quiz